[Event "I Festival A"]
[Site "Lodi ITA"]
[Date "2005.06.12"]
[Round "5"]
[White "Romagnoli, Franco"]
[Black "Pegoraro, Nicola"]
[Result "0-1"]
[WhiteElo "2115"]
[BlackElo "2082"]
[PlyCount "78"]
[EventDate "2005.06.10"]

1. e4 c5 2. b4 cxb4 3. a3 Nc6 4. d4 d5 5. e5 Bf5 6. axb4 Nxb4 7. Na3 Rc8 8. Nf3
e6 9. Bb5+ Nc6 10. O-O a6 11. Be2 Nge7 12. Bg5 h6 13. Be3 g5 14. c4 dxc4 15.
Nxc4 Nd5 16. Qb3 Rb8 17. Ne1 Be7 18. Nd3 O-O 19. h4 b5 20. Nd6 Bxd6 21. exd6
Nxe3 22. fxe3 Qxd6 23. hxg5 hxg5 24. Bf3 Bxd3 25. Qxd3 Ne5 26. Qe2 Nxf3+ 27.
Qxf3 f6 28. Qh5 Kg7 29. Qf3 b4 30. Rac1 Rb6 31. Rc5 b3 32. Rfc1 b2 33. Rc7+ Rf7
34. Rxf7+ Kxf7 35. Rf1 Qe7 36. Qe4 Kg7 37. Kf2 Qb7 38. Qb1 f5 39. Rd1 Qe4 0-1

[Event "I Festival A"]
[Site "Lodi ITA"]
[Date "2005.06.12"]
[Round "5"]
[White "Rombaldoni, Denis"]
[Black "Ruiz, Richard"]
[Result "1-0"]
[WhiteElo "2336"]
[BlackElo "2148"]
[PlyCount "65"]
[EventDate "2005.06.10"]

1. d4 Nf6 2. c4 g6 3. Nf3 Bg7 4. g3 d6 5. Bg2 h5 6. Nc3 c6 7. Bf4 Bf5 8. O-O
Ne4 9. Qb3 Nxc3 10. Qxc3 Qc8 11. Rfe1 Bh3 12. Bh1 c5 13. Ng5 Bd7 14. Qf3 Nc6
15. d5 Nd4 16. Qd3 b5 17. b3 bxc4 18. bxc4 h4 19. Rac1 hxg3 20. hxg3 Rb8 21.
Be4 Bf5 22. e3 Bxe4 23. Qxe4 Nf5 24. g4 Nh6 25. Bxd6 Rb7 26. Rb1 O-O 27. Rxb7
Qxb7 28. Bxe7 Re8 29. d6 Qd7 30. Rb1 Qa4 31. Rb7 Qd1+ 32. Kg2 Bf8 33. Nxf7 1-0

[Event "I Festival A"]
[Site "Lodi ITA"]
[Date "2005.06.12"]
[Round "5"]
[White "Rosin, Federico"]
[Black "Canova, Luca"]
[Result "1-0"]
[WhiteElo "2127"]
[BlackElo "2050"]
[PlyCount "122"]
[EventDate "2005.06.10"]

1. c4 e5 2. Nc3 Nc6 3. g3 g6 4. Bg2 Bg7 5. d3 Nge7 6. e3 d6 7. Nge2 O-O 8. O-O
Be6 9. Nd5 Qd7 10. Rb1 Nd8 11. b4 c6 12. Nxe7+ Qxe7 13. b5 Qd7 14. bxc6 bxc6
15. Ba3 Rc8 16. Qa4 c5 17. Qxd7 Bxd7 18. Nc3 Bc6 19. Nd5 Re8 20. Bb2 Ne6 21.
Bc3 Kf8 22. Rb3 Ba4 23. Rb2 Rb8 24. Rfb1 Rxb2 25. Rxb2 Nd8 26. Kf1 Nc6 27. Nc7
Re7 28. Nb5 Nd8 29. Bd5 Rd7 30. Ba5 e4 31. Rd2 a6 32. Nc3 Bxc3 33. Bxc3 exd3
34. Rxd3 Bc6 35. Rd2 Bxd5 36. cxd5 Rb7 37. Ke2 Ke7 38. Kd3 f6 39. f4 h5 40. Kc2
Nf7 41. h3 a5 42. a4 Nh6 43. e4 g5 44. Rd1 h4 45. fxg5 fxg5 46. gxh4 gxh4 47.
Bxa5 Ra7 48. Bd2 Rxa4 49. Bxh6 Rxe4 50. Rd3 Kf7 51. Rf3+ Kg6 52. Bf4 Rc4+ 53.
Kb3 Rd4 54. Bxd6 Rxd5 55. Be7 Kh5 56. Kc4 Re5 57. Bxc5 Rg5 58. Bd6 Rg6 59. Rf5+
Kh6 60. Bf4+ Kg7 61. Rg5 Kf6 1-0

[Event "I Festival A"]
[Site "Lodi ITA"]
[Date "2005.06.12"]
[Round "5"]
[White "Salvador, Roland"]
[Black "Andersen, Alf R."]
[Result "0-1"]
[WhiteElo "2360"]
[BlackElo "2182"]
[PlyCount "56"]
[EventDate "2005.06.10"]

1. d4 f5 2. Bg5 h6 3. Bh4 g5 4. e4 Bg7 5. Bg3 f4 6. Bxf4 gxf4 7. Qh5+ Kf8 8.
Qf5+ Ke8 9. Be2 Nf6 10. e5 d6 11. Qxf4 c5 12. exf6 Bxf6 13. Nf3 Qb6 14. Nbd2
Qxb2 15. O-O Nc6 16. c3 d5 17. Rfe1 cxd4 18. Bd3 Kd8 19. cxd4 Rg8 20. Rab1 Qxa2
21. Bf5 Bxf5 22. Rxb7 Qa6 23. Rc7 Bh3 24. Rc1 Bxg2 25. h4 Bxf3+ 26. Kh2 Qe2 27.
Rf1 Rg2+ 28. Kh3 Qe6+ 0-1

[Event "I Festival A"]
[Site "Lodi ITA"]
[Date "2005.06.12"]
[Round "5"]
[White "Sulava, Nenad"]
[Black "Foglia, Maurizio"]
[Result "1-0"]
[WhiteElo "2478"]
[BlackElo "2089"]
[PlyCount "61"]
[EventDate "2005.06.10"]

1. Nf3 Nf6 2. d4 e6 3. c4 b6 4. e3 Bb4+ 5. Nc3 Bb7 6. Bd3 O-O 7. O-O d5 8. cxd5
exd5 9. Ne2 Re8 10. b3 Bf8 11. Bb2 Nbd7 12. Rc1 Rc8 13. Ng3 g6 14. Qe2 c6 15.
Ne5 Rc7 16. f4 Bd6 17. h4 Ne4 18. Bxe4 dxe4 19. Nxe4 Bxe5 20. fxe5 Qxh4 21. Rf4
Qd8 22. Nd6 Nf8 23. Nxe8 Qxe8 24. d5 Re7 25. e6 cxd5 26. exf7+ Rxf7 27. Rxf7
Qxf7 28. Qg4 Ne6 29. Rf1 Qe7 30. Ba3 Nc5 31. Qd4 1-0

[Event "I Festival A"]
[Site "Lodi ITA"]
[Date "2005.06.12"]
[Round "5"]
[White "Vincenzi, Marco"]
[Black "Borin, Fabio"]
[Result "1/2-1/2"]
[WhiteElo "2053"]
[BlackElo "2184"]
[PlyCount "85"]
[EventDate "2005.06.10"]

1. e4 d6 2. d4 Nf6 3. Nc3 e5 4. dxe5 dxe5 5. Qxd8+ Kxd8 6. Bc4 Be6 7. Bxe6 fxe6
8. Nf3 Bd6 9. h3 Ke7 10. a3 Nc6 11. Be3 a6 12. O-O-O b5 13. Bg5 Rhb8 14. Rd3 a5
15. Re1 b4 16. axb4 Nxb4 17. Rdd1 a4 18. Nd2 Nc6 19. Nc4 Rb4 20. Nxd6 cxd6 21.
Rd3 Rab8 22. Nd1 Na5 23. Bd2 R4b5 24. Bxa5 Rxa5 25. Ra3 Nd7 26. Nc3 Rba8 27. b3
axb3 28. Rxb3 Nc5 29. Rb6 Ra1+ 30. Kd2 Rxe1 31. Kxe1 Ra3 32. Nb5 Ra1+ 33. Ke2
Nxe4 34. Rb7+ Kf6 35. Nc7 Nc3+ 36. Kd2 Ne4+ 37. Ke2 g5 38. Ne8+ Kg6 39. Rg7+
Kh6 40. Re7 Kg6 41. Rg7+ Kh6 42. Re7 Kg6 43. Rg7+ 1/2-1/2

[Event "I Festival A"]
[Site "Lodi ITA"]
[Date "2005.06.12"]
[Round "5"]
[White "Vivo, Mario"]
[Black "Frugoli, Francesco"]
[Result "1/2-1/2"]
[WhiteElo "2144"]
[BlackElo "2092"]
[PlyCount "105"]
[EventDate "2005.06.10"]

1. e4 d5 2. exd5 Nf6 3. d4 Nxd5 4. Nf3 Bg4 5. Be2 e6 6. O-O Be7 7. c4 Nb6 8.
Nc3 O-O 9. Be3 Nc6 10. d5 exd5 11. cxd5 Nb4 12. Bxb6 axb6 13. a3 Na6 14. Nd4
Bxe2 15. Qxe2 Bf6 16. Nf5 g6 17. Ne3 Nc5 18. Rac1 Re8 19. Qc4 Bxc3 20. Qxc3 Qg5
21. Rfd1 Ne4 22. Qd4 Rac8 23. d6 Nxd6 24. Nd5 Ne4 25. Rxc7 Rxc7 26. Nxc7 Rc8
27. f4 Qc5 28. Qxc5 bxc5 29. Nd5 Kg7 30. Nb6 Rc6 31. Nc4 b5 32. Ne5 Rc7 33. Rd8
c4 34. g3 f6 35. Rd7+ Rxd7 36. Nxd7 c3 37. bxc3 Nxc3 38. Nc5 Kf7 39. Kf2 Ke7
40. Ke3 Kd6 41. Ne4+ Nxe4 42. Kxe4 Ke6 43. Kd4 Kd6 44. Kc3 Kc5 45. Kb3 f5 46.
Kc3 Kc6 47. Kd4 Kd6 48. h3 h6 49. h4 h5 50. Kc3 Kc5 51. Kb3 Kc6 52. Kb4 Kb6 53.
Kb3 1/2-1/2

[Event "I Festival A"]
[Site "Lodi ITA"]
[Date "2005.06.12"]
[Round "5"]
[White "Vocaturo, Daniele"]
[Black "Efimov, Igor"]
[Result "0-1"]
[WhiteElo "2303"]
[BlackElo "2458"]
[PlyCount "70"]
[EventDate "2005.06.10"]

1. e4 e5 2. Nf3 Nc6 3. Bb5 a6 4. Ba4 Nf6 5. O-O Be7 6. Re1 b5 7. Bb3 d6 8. c3
O-O 9. d4 Bg4 10. Be3 a5 11. h3 Bh5 12. a4 b4 13. d5 Nb8 14. Nbd2 Bg6 15. Bc2
Na6 16. Qe2 bxc3 17. bxc3 Nxd5 18. exd5 Bxc2 19. Nc4 Be4 20. Red1 Nb8 21. Ra2
Nd7 22. Rb2 f5 23. Rb5 f4 24. Bc1 Bxf3 25. Qxf3 Nc5 26. Nxa5 Nxa4 27. Ba3 e4
28. Qxe4 Nxc3 29. Qe6+ Kh8 30. Nc6 Qe8 31. Rb3 Nxd1 32. Nxe7 Qa4 33. Rd3 Qc2
34. Rf3 Rxa3 35. Rxf4 Raa8 0-1

[Event "I Festival A"]
[Site "Lodi ITA"]
[Date "2005.06.12"]
[Round "5"]
[White "Wauters, Alain"]
[Black "Martino, Antonio M."]
[Result "1/2-1/2"]
[WhiteElo "2227"]
[BlackElo "2103"]
[PlyCount "29"]
[EventDate "2005.06.10"]

1. e4 c5 2. Nf3 d6 3. Bb5+ Bd7 4. Bxd7+ Qxd7 5. O-O Nc6 6. c3 Nf6 7. Re1 e6 8.
d4 cxd4 9. cxd4 d5 10. e5 Ne4 11. Nbd2 Nxd2 12. Bxd2 Be7 13. Rc1 O-O 14. a3
Rfc8 15. Qe2 1/2-1/2

[Event "VI C.to Europeo femminile"]
[Site "Chisinau MDA"]
[Date "2005.06.13"]
[Round "3"]
[White "Sedina, Elena"]
[Black "Cherednichenko, Elena"]
[Result "1-0"]
[WhiteElo "2422"]
[BlackElo "1969"]
[PlyCount "57"]
[EventDate "2005.06.11"]

1. e4 d6 2. d4 Nf6 3. Nc3 e5 4. Nf3 Nbd7 5. Bc4 Be7 6. O-O O-O 7. Re1 c6 8. a4
a5 9. h3 b6 10. Ba2 Bb7 11. Be3 Qc7 12. Nh4 Rfe8 13. Nf5 Nf8 14. Qd2 Bc8 15.
Nxe7+ Rxe7 16. Bg5 N8d7 17. Rad1 Re8 18. Qd3 h6 19. Bc1 Nf8 20. dxe5 dxe5 21.
Qd6 Re7 22. Bxh6 Ne8 23. Qxc7 Rxc7 24. Be3 b5 25. Rd8 Nf6 26. Bc5 N6d7 27. Bd6
Rb7 28. axb5 cxb5 29. Bd5 1-0

[Event "VI C.to Europeo femminile"]
[Site "Chisinau MDA"]
[Date "2005.06.16"]
[Round "6"]
[White "Kochetkova, Julia"]
[Black "Sedina, Elena"]
[Result "1-0"]
[WhiteElo "2311"]
[BlackElo "2422"]
[PlyCount "65"]
[EventDate "2005.06.11"]

1. e4 e6 2. d4 d5 3. Nd2 c5 4. exd5 exd5 5. Ngf3 Nc6 6. Bb5 Bd6 7. dxc5 Bxc5 8.
O-O Nge7 9. Bd3 O-O 10. Nb3 Bd6 11. Re1 h6 12. h3 Nf5 13. Bxf5 Bxf5 14. Nbd4
Be4 15. Nb5 Bxf3 16. Qxf3 Qa5 17. Qe2 Be5 18. Bd2 Qb6 19. Rab1 Rad8 20. c3 a6
21. Na3 Bb8 22. Nc2 Qc7 23. g3 Qd7 24. Kg2 Rfe8 25. Qh5 d4 26. cxd4 Nxd4 27.
Nxd4 Qxd4 28. Bc3 Qc4 29. Rbd1 Ba7 30. Re7 Qc6+ 31. Kh2 Rxe7 32. Rxd8+ Re8 33.
Qe5 1-0

[Event "VI C.to Europeo femminile"]
[Site "Chisinau MDA"]
[Date "2005.06.23"]
[Round "12"]
[White "Sedina, Elena"]
[Black "Zdebskaja, Natalia"]
[Result "1/2-1/2"]
[WhiteElo "2422"]
[BlackElo "2344"]
[PlyCount "130"]
[EventDate "2005.06.11"]

1. e4 d6 2. d4 Nf6 3. Nc3 g6 4. f4 Bg7 5. Nf3 O-O 6. a3 Na6 7. e5 Nd7 8. Be3 c5
9. Bxa6 bxa6 10. dxc5 Nxc5 11. Bxc5 dxc5 12. O-O Qb6 13. Nd5 Qb7 14. c4 Be6 15.
Qe2 Bxd5 16. cxd5 Qxd5 17. Qxa6 Qe4 18. g3 Rfb8 19. Rae1 Qb7 20. Qxb7 Rxb7 21.
Rf2 Rab8 22. Ree2 h6 23. Rc2 Rb5 24. h4 Bf8 25. Rfd2 e6 26. Kf2 c4 27. Nd4 Bc5
28. Kg2 Bxd4 29. Rxd4 Rxb2 30. Rdxc4 Rxc2+ 31. Rxc2 Rb3 32. a4 Rb4 33. a5 Rb5
34. Ra2 h5 35. Ra3 a6 36. Kf3 Kf8 37. Ke3 Rd5 38. Ra4 Ke7 39. Rb4 Rxa5 40. Rb7+
Kf8 41. Ra7 Ra3+ 42. Kf2 a5 43. Kg2 a4 44. Kf2 Ra2+ 45. Kf3 a3 46. Ke3 Ra1 47.
Kf2 a2 48. Kg2 Ke8 49. Ra8+ Kd7 50. Ra7+ Kc6 51. Ra6+ Kc5 52. Ra5+ Kd4 53. Ra4+
Ke3 54. Ra3+ Ke4 55. Ra7 Kf5 56. Rxf7+ Kg4 57. Ra7 Rb1 58. Rxa2 Rb3 59. Ra6
Rxg3+ 60. Kf2 Rf3+ 61. Kg2 Rxf4 62. Rxe6 Kf5 63. Rf6+ Kxe5 64. Rxg6 Rxh4 65.
Kg3 Rg4+ 1/2-1/2

[Event "I Festival A"]
[Site "Cattolica ITA"]
[Date "2005.06.11"]
[Round "1"]
[White "Abiuso Melo, Diego"]
[Black "Fronzi, Ettore"]
[Result "0-1"]
[WhiteElo "2131"]
[BlackElo "1790"]
[PlyCount "140"]
[EventDate "2005.06.11"]

1.e4 c5 2.Nf3 Nc6 3.d4 cxd4 4.Nxd4 g6 5.c4 Bg7 6.Be3 d6 7.Be2 Nf6 8.Nc3 
Ng4 9.Bxg4 Bxd4 10.Bxd4 Bxg4 11.f3 Nxd4 12.Qxd4 e5 13.Qd2 Be6 14.b3 Qb6 
15.Qf2 Qxf2+ 16.Kxf2 Ke7 17.Rhd1 Rhd8 18.Rd3 a6 19.Rad1 Rac8 20.R1d2 Rc6 
21.Ke3 Rdc8 22.a4 f5 23.Rf2 f4+ 24.Kd2 g5 25.g4 h5 26.h3 Rh8 27.Nd5+ Kf7 
28.Kc3 Bxd5 29.Rxd5 hxg4 30.hxg4 Rh1 31.Rfd2 Ke6 32.a5 Rf1 33.R2d3 Rf2 34.
Kb4 b6 35.axb6 Rxb6+ 36.Kc3 Rf1 37.Ra5 Rc6 38.Ra2 Rc1+ 39.Kb4 Rh1 40.Rc2 
Rc5 41.Kc3 a5 42.Rcd2 Rc6 43.Rd5 Rf1 44.R2d3 Ra6 45.Kb2 Rf2+ 46.Kc3 Rf1 
47.Rb5 Rf2 48.Rbd5 Rf1 49.Kc2 Rf2+ 50.Kd1 a4 51.bxa4 Ra2 52.a5 R2xa5 53.
Rxa5 Rxa5 54.Kc2 Rc5 55.Kb3 Rc7 56.Rd5 Rb7+ 57.Rb5 Rh7 58.Ka4 Ra7+ 59.Ra5 
Rb7 60.Ra6 Ke7 61.Ra5 Rb2 62.Rb5 Ra2+ 63.Kb3 Rf2 64.Rb7+ Ke6 65.Rg7 Rxf3+ 
66.Kb4 Re3 67.Rxg5 Rxe4 68.Rg6+ Kd7 69.Kb5 f3 70.Rg7+ Ke6 0-1

[Event "I Festival A"]
[Site "Cattolica ITA"]
[Date "2005.06.11"]
[Round "1"]
[White "Barlocco, Carlo"]
[Black "Gianfelici, Edoardo"]
[Result "1-0"]
[WhiteElo "2195"]
[BlackElo "1838"]
[PlyCount "53"]
[EventDate "2005.06.11"]

1.Nc3 d6 2.f4 c5 3.Nf3 Nf6 4.g3 e6 5.Bg2 Be7 6.O-O O-O 7.a3 Nc6 8.Rb1 d5 
9.d3 d4 10.Ne4 Nd5 11.c4 Nf6 12.Nxf6+ gxf6 13.e4 dxe3 14.Bxe3 e5 15.Qe2 
Bg4 16.h3 Bxf3 17.Bxf3 Nd4 18.Bxd4 Qxd4+ 19.Kg2 Rad8 20.Be4 f5 21.Bxf5 h6 
22.Be4 f5 23.Bxf5 exf4 24.Qxe7 Rxf5 25.Qe6+ Rf7 26.Rxf4 Qd7 27.Rg4+ 1-0

[Event "I Festival A"]
[Site "Cattolica ITA"]
[Date "2005.06.11"]
[Round "1"]
[White "Bellincampi, Stefano"]
[Black "Savarese, Vincenzo"]
[Result "1-0"]
[WhiteElo "2077"]
[BlackElo "1730"]
[PlyCount "51"]
[EventDate "2005.06.11"]

1.e4 e6 2.d4 d5 3.Nd2 Nf6 4.Bd3 c5 5.e5 Nfd7 6.c3 Nc6 7.Ne2 cxd4 8.cxd4 
Qb6 9.Nf3 f6 10.exf6 Nxf6 11.O-O Bd6 12.b3 e5 13.dxe5 Nxe5 14.Nxe5 Bxe5 
15.Rb1 O-O 16.Bf4 Ng4 17.Bxe5 Nxe5 18.Nd4 Kh8 19.Bc2 Bg4 20.Qd2 Rf7 21.
Rbe1 Nc6 22.Nxc6 bxc6 23.Qg5 Raf8 24.Re7 Bc8 25.Rxf7 Rxf7 26.Qh5 1-0

[Event "I Festival A"]
[Site "Cattolica ITA"]
[Date "2005.06.11"]
[Round "1"]
[White "Bonani, Georg"]
[Black "Brancaleoni, Maurizio"]
[Result "0-1"]
[WhiteElo "1897"]
[BlackElo "2296"]
[PlyCount "68"]
[EventDate "2005.06.11"]

1.e4 d6 2.d4 Nf6 3.Nc3 Nbd7 4.Nf3 e5 5.dxe5 dxe5 6.Bc4 Bb4 7.Bd2 O-O 8.O-O
c6 9.Re1 b5 10.Bb3 Bc5 11.a3 Ng4 12.Rf1 Qb6 13.Qe1 Qc7 14.h3 Ngf6 15.Be3 
Ba6 16.Nd2 Bb6 17.f3 b4 18.axb4 Bxe3+ 19.Qxe3 Bxf1 20.Kxf1 Qb6 21.Qxb6 
axb6 22.Rd1 b5 23.Ne2 Nb6 24.Ng3 g6 25.Ke2 Rfd8 26.Ke3 Kf8 27.Ke2 Ke7 28.
Ke3 Nfd7 29.f4 exf4+ 30.Kxf4 Nf8 31.h4 Na4 32.Bxa4 Rxa4 33.c3 Rd3 34.e5 
Ne6+ 0-1

[Event "I Festival A"]
[Site "Cattolica ITA"]
[Date "2005.06.11"]
[Round "1"]
[White "Calza, Gabriele"]
[Black "Raineri, Valerio"]
[Result "1/2-1/2"]
[WhiteElo "1790"]
[BlackElo "2145"]
[PlyCount "60"]
[EventDate "2005.06.11"]

1.c4 Nf6 2.g3 g6 3.Bg2 Bg7 4.Nc3 d6 5.d3 e5 6.e4 c5 7.Nge2 Nc6 8.O-O O-O 
9.Bg5 h6 10.Be3 Bd7 11.h3 Ne7 12.Qd2 Kh7 13.Rab1 Nc6 14.a3 Nd4 15.b4 b6 
16.f4 Rb8 17.Kh2 a6 18.Bg1 Qe7 19.Be3 Rfd8 20.Rf2 Bc6 21.Rbf1 b5 22.cxb5 
axb5 23.bxc5 dxc5 24.fxe5 Nd7 25.Nd5 Bxd5 26.exd5 Nxe5 27.Nxd4 cxd4 28.
Bxd4 Qxa3 29.Bxe5 Bxe5 30.Rxf7+ Bg7 1/2-1/2

[Event "I Festival A"]
[Site "Cattolica ITA"]
[Date "2005.06.11"]
[Round "1"]
[White "Cerasi, Umberto"]
[Black "Chatalbashev, Boris"]
[Result "0-1"]
[WhiteElo "2002"]
[BlackElo "2499"]
[PlyCount "34"]
[EventDate "2005.06.11"]

1.e4 c5 2.Nf3 g6 3.d4 Bg7 4.Bc4 cxd4 5.Nxd4 Nf6 6.Nc3 O-O 7.O-O Nxe4 8.
Bxf7+ Rxf7 9.Nxe4 Nc6 10.Nf3 d5 11.Ng3 Bg4 12.h3 Bxf3 13.gxf3 e5 14.c3 Qd7
15.Qd3 Raf8 16.Rd1 Qxh3 17.Qxd5 Kh8 0-1

[Event "I Festival A"]
[Site "Cattolica ITA"]
[Date "2005.06.11"]
[Round "1"]
[White "De Toma, Francesco"]
[Black "Sautto, Daniele"]
[Result "0-1"]
[WhiteElo "1780"]
[BlackElo "2119"]
[PlyCount "47"]
[EventDate "2005.06.11"]

1.e4 c5 2.Nf3 e6 3.d3 Nc6 4.g3 g6 5.Bg2 Bg7 6.c3 Nge7 7.Nbd2 O-O 8.O-O d5 
9.Qc2 b5 10.a4 b4 11.Nb3 c4 12.dxc4 Ba6 13.cxd5 exd5 14.Rd1 Bc4 15.Nc5 Qa5
16.Nb7 Qc7 17.Nc5 bxc3 18.bxc3 Qa5 19.Nb7 Qxc3 20.Qxc3 Bxc3 21.Ra3 Bb4 22.
Nd2 Ba6 23.Rb3 Bxb7 24.Rxb4 0-1

[Event "I Festival A"]
[Site "Cattolica ITA"]
[Date "2005.06.11"]
[Round "1"]
[White "De Zordi, Fabio"]
[Black "De Rosa, Mariagrazia"]
[Result "1/2-1/2"]
[WhiteElo "1733"]
[BlackElo "2081"]
[PlyCount "96"]
[EventDate "2005.06.11"]

1.c4 e5 2.g3 Nf6 3.Bg2 d5 4.cxd5 Nxd5 5.Nc3 Nb6 6.Nf3 Nc6 7.O-O Be7 8.d3 
O-O 9.Be3 Bg4 10.Rc1 Qd7 11.Re1 Rfe8 12.Ng5 h6 13.Nge4 Nd4 14.Nd2 c6 15.
Nce4 Nd5 16.Nc4 Bb4 17.Bd2 f5 18.Nc3 f4 19.Ne4 b5 20.Bxb4 Nxb4 21.Ncd6 Re6
22.Nxb5 Nxb5 23.Qb3 Nd5 24.Nc5 Qd6 25.e3 Kh8 26.a4 Nbc7 27.Be4 Ree8 28.Qa2
Qf6 29.Qc4 Ne6 30.Nd7 Qd8 31.Nxe5 Bh5 32.g4 Nb6 33.Qxc6 Rc8 34.Qb5 Qg5 35.
Kf1 Nc7 36.Rxc7 Rxc7 37.gxh5 Qxh5 38.Bg6 Qh3+ 39.Ke2 Rec8 40.Nf7+ Rxf7 41.
Bxf7 Rc2+ 42.Kd1 Qc8 43.exf4 Rc1+ 44.Ke2 Qg4+ 45.Kf1 Qh3+ 46.Ke2 Qg4+ 47.
Kf1 Qh3+ 48.Ke2 Qg4+ 1/2-1/2

[Event "I Festival A"]
[Site "Cattolica ITA"]
[Date "2005.06.11"]
[Round "1"]
[White "Dittmar, Peter"]
[Black "Fratino, Lorenzo"]
[Result "1-0"]
[WhiteElo "2319"]
[BlackElo "1915"]
[PlyCount "55"]
[EventDate "2005.06.11"]

1.c4 e5 2.g3 g6 3.Bg2 Bg7 4.Nc3 Nc6 5.Nf3 f5 6.d3 Nf6 7.O-O O-O 8.Rb1 a5 
9.a3 h6 10.b4 axb4 11.axb4 d6 12.b5 Ne7 13.Bb2 g5 14.Qb3 Kh7 15.Ra1 Rxa1 
16.Rxa1 Ng6 17.Ra8 Qe7 18.Nd2 f4 19.Nde4 g4 20.Qd1 Nxe4 21.Bxe4 Qd7 22.Ra7
h5 23.Bxb7 Bxb7 24.Rxb7 h4 25.Nd5 hxg3 26.hxg3 Qf7 27.Qe1 fxg3 28.fxg3 1-0

[Event "I Festival A"]
[Site "Cattolica ITA"]
[Date "2005.06.11"]
[Round "1"]
[White "Gandolfi, Gianfranco"]
[Black "Bellin, Robert Cecil"]
[Result "0-1"]
[WhiteElo "1967"]
[BlackElo "2397"]
[PlyCount "86"]
[EventDate "2005.06.11"]

1.e4 c5 2.Nf3 Nc6 3.d4 cxd4 4.Nxd4 g6 5.c4 Bg7 6.Be3 Nf6 7.Nc3 O-O 8.Be2 
d6 9.O-O Bd7 10.Rc1 Nxd4 11.Bxd4 Bc6 12.Qd3 a5 13.Nd5 Nd7 14.Bxg7 Kxg7 15.
Qd4+ Kg8 16.f4 e6 17.Nc3 Qb6 18.Qxb6 Nxb6 19.Rfd1 Rfd8 20.Rd2 Kf8 21.Rcd1 
Ke7 22.b3 Rac8 23.Bf3 Na8 24.Kf2 Nc7 25.e5 Bxf3 26.exd6+ Rxd6 27.Rxd6 Bxd1
28.Rxd1 f5 29.Ke3 Ne8 30.h3 Nf6 31.Rd4 h6 32.g3 g5 33.fxg5 hxg5 34.h4 Ng4+
35.Kf3 Rh8 36.hxg5 Rh2 37.Rxg4 fxg4+ 38.Kxg4 Kf7 39.Na4 Rxa2 40.Nc5 b6 41.
Nd7 Rb2 42.Nxb6 Rxb3 43.c5 a4 0-1

[Event "I Festival A"]
[Site "Cattolica ITA"]
[Date "2005.06.11"]
[Round "1"]
[White "Garofalo, Sergio"]
[Black "Friedrich, Norbert"]
[Result "0-1"]
[WhiteElo "1903"]
[BlackElo "2303"]
[PlyCount "30"]
[EventDate "2005.06.11"]

1.d4 d5 2.Nf3 Nf6 3.Nbd2 g6 4.e3 Bg7 5.Bd3 O-O 6.c3 Nbd7 7.h4 Re8 8.b3 e5 
9.Bc2 b6 10.Ba3 Ba6 11.Nf1 c5 12.h5 Nxh5 13.g4 Nhf6 14.g5 Ne4 15.Bb2 exd4 
0-1

[Event "I Festival A"]
[Site "Cattolica ITA"]
[Date "2005.06.11"]
[Round "1"]
[White "Grau, Peter"]
[Black "Russo, Carmelo"]
[Result "1-0"]
[WhiteElo "2082"]
[BlackElo "1763"]
[PlyCount "79"]
[EventDate "2005.06.11"]

1.e4 c5 2.Nf3 d6 3.d4 Nf6 4.Nc3 cxd4 5.Nxd4 g6 6.Be3 Bg7 7.f3 O-O 8.Qd2 
Nc6 9.Bc4 Bd7 10.O-O-O Rb8 11.g4 Ne5 12.Bb3 b5 13.Bh6 a5 14.Bxg7 Kxg7 15.
Nd5 Nxd5 16.Bxd5 Qb6 17.h4 e6 18.h5 Nc4 19.Bxc4 bxc4 20.c3 Kg8 21.Rh2 a4 
22.Qh6 a3 23.hxg6 Qxb2+ 24.Rxb2 axb2+ 25.Kb1 fxg6 26.Rh1 Rf7 27.Rh2 e5 28.
Nc2 Bxg4 29.Nb4 Bxf3 30.Kxb2 Bxe4 31.Qh4 Bd3 32.Rf2 Rfb7 33.Qf6 e4 34.Qe6+
Kg7 35.Qf6+ Kg8 36.Qxd6 Rb6 37.Qd5+ Kg7 38.a4 Rxb4+ 39.cxb4 Rxb4+ 40.Kc3 
1-0

[Event "I Festival A"]
[Site "Cattolica ITA"]
[Date "2005.06.11"]
[Round "1"]
[White "Isonzo, David"]
[Black "Rocchetti, Marco"]
[Result "1-0"]
[WhiteElo "2325"]
[BlackElo "1937"]
[PlyCount "83"]
[EventDate "2005.06.11"]

1.e4 d5 2.exd5 Qxd5 3.Nc3 Qa5 4.d4 Nf6 5.Nf3 c6 6.Bd2 Bf5 7.Ne5 Nbd7 8.Nc4
Qc7 9.Qf3 e6 10.h3 Nb6 11.Bf4 Qd8 12.O-O-O Be7 13.g4 Bg6 14.h4 h5 15.g5 
Nfd5 16.Ne5 O-O 17.Bd2 Nxc3 18.Bxc3 Na4 19.Bc4 Bf5 20.Qxh5 Nxc3 21.bxc3 
Ba3+ 22.Kb1 Qb6+ 23.Bb3 a5 24.Nc4 Qb5 25.Nxa3 Qb6 26.Ka1 a4 27.Bc4 Qa5 28.
Qf3 b5 29.Be2 Bg4 30.Qxg4 Qxc3+ 31.Kb1 Qxa3 32.Qf3 Qb4+ 33.Ka1 a3 34.Rb1 
Qxd4+ 35.c3 Qe5 36.Qe3 Qd5 37.Bf3 Qf5 38.Be4 Qg4 39.Rbg1 Qh5 40.Qf3 Qxf3 
41.Bxf3 Rfd8 42.Rd1 1-0

[Event "I Festival A"]
[Site "Cattolica ITA"]
[Date "2005.06.11"]
[Round "1"]
[White "Lazarev, Vladimir"]
[Black "Nardi, Marco"]
[Result "1-0"]
[WhiteElo "2507"]
[BlackElo "2017"]
[PlyCount "53"]
[EventDate "2005.06.11"]

1.d4 f5 2.g3 Nf6 3.Bg2 e6 4.c4 Bb4+ 5.Nd2 O-O 6.Nf3 Nc6 7.O-O Bxd2 8.Bxd2 
Ne4 9.Qc2 Qf6 10.d5 Ne7 11.dxe6 dxe6 12.Bf4 c5 13.Be5 Qf7 14.Nd2 Nxd2 15.
Qxd2 Ng6 16.Qe3 Qe7 17.Rad1 Nxe5 18.Qxe5 Qf6 19.Qxc5 Qxb2 20.Rd3 Qb6 21.
Qe7 h6 22.Rfd1 Rb8 23.h4 Qb2 24.Rd8 Rxd8 25.Rxd8+ Kh7 26.h5 Qc1+ 27.Kh2 
1-0

[Event "I Festival A"]
[Site "Cattolica ITA"]
[Date "2005.06.11"]
[Round "1"]
[White "Leali, Claudio"]
[Black "Battistella, Stefano"]
[Result "1/2-1/2"]
[WhiteElo "1702"]
[BlackElo "2055"]
[PlyCount "43"]
[EventDate "2005.06.11"]

1.e4 Nf6 2.e5 Nd5 3.c4 Nb6 4.Nc3 d6 5.exd6 cxd6 6.Nf3 g6 7.d4 Bg7 8.Be2 
O-O 9.O-O Nc6 10.Be3 Bg4 11.b3 d5 12.c5 Nd7 13.Rc1 Nxc5 14.dxc5 Bxf3 15.
Bxf3 d4 16.Nd5 e6 17.Bxd4 Nxd4 18.Ne3 Qc7 19.g3 Rfd8 20.Bg2 a5 21.Rc4 Rac8
22.Kh1 1/2-1/2

[Event "I Festival A"]
[Site "Cattolica ITA"]
[Date "2005.06.11"]
[Round "1"]
[White "Magalotti, Andrea"]
[Black "Ragnoni, Edoardo"]
[Result "1-0"]
[WhiteElo "2169"]
[BlackElo "1802"]
[PlyCount "63"]
[EventDate "2005.06.11"]

1.Nf3 Nf6 2.c4 g6 3.Nc3 Bg7 4.e4 d6 5.Be2 e5 6.d4 O-O 7.O-O Nc6 8.dxe5 
Nxe5 9.Nd4 Bd7 10.f4 Nc6 11.Be3 Nxe4 12.Nxe4 Re8 13.Bf3 f5 14.Ng5 Rxe3 15.
Bd5+ Kf8 16.Nxh7+ Ke8 17.Nc2 Re7 18.Qd2 Bd4+ 19.Nxd4 Rxh7 20.Rae1+ Kf8 21.
Ne6+ Bxe6 22.Rxe6 Ne7 23.Rfe1 Nxd5 24.cxd5 Qh4 25.g3 Qg4 26.Qd4 Rg7 27.
Qf6+ Kg8 28.Re8+ Rxe8 29.Rxe8+ Kh7 30.Kg2 Qd1 31.Qh4+ Qh5 32.Qd8 1-0

[Event "I Festival A"]
[Site "Cattolica ITA"]
[Date "2005.06.11"]
[Round "1"]
[White "Manconi, Antonio"]
[Black "Laketic, Gojko"]
[Result "0-1"]
[WhiteElo "1972"]
[BlackElo "2435"]
[PlyCount "102"]
[EventDate "2005.06.11"]

1.e4 Nf6 2.e5 Nd5 3.Nc3 Nxc3 4.bxc3 d6 5.f4 c5 6.Nf3 Qa5 7.Qe2 Nc6 8.exd6 
e6 9.Ne5 Bxd6 10.Nc4 Qc7 11.Nxd6+ Qxd6 12.Qf2 b6 13.g3 Bb7 14.Bg2 O-O-O 
15.Ba3 Qd7 16.O-O-O Na5 17.Bxb7+ Kxb7 18.Qf3+ Qd5 19.Qxd5+ exd5 20.Rhe1 
Rhe8 21.d3 Kc6 22.Kd2 Nb7 23.Bb2 g6 24.Rxe8 Rxe8 25.Re1 Rxe1 26.Kxe1 Nd6 
27.Ke2 Kb5 28.Kf3 f5 29.Ke3 Ka4 30.Kd2 a5 31.Kd1 b5 32.Kd2 Nb7 33.Kd1 Nd8 
34.Kc1 Ne6 35.Kd2 Nd8 36.Kc1 Nc6 37.a3 d4 38.cxd4 cxd4 39.Kb1 b4 40.axb4 
Kxb4 41.Ka1 Kc5 42.Kb1 Nb4 43.Kc1 Nc6 44.Kb1 Kb4 45.Ka1 a4 46.Ka2 h6 47.h4
h5 48.Kb1 a3 49.Bc1 Ka4 50.Bd2 Nb4 51.Be1 a2+ 0-1

[Event "I Festival A"]
[Site "Cattolica ITA"]
[Date "2005.06.11"]
[Round "1"]
[White "Meijers, Viesturs"]
[Black "Di Majo, Carlo"]
[Result "1-0"]
[WhiteElo "2486"]
[BlackElo "1982"]
[PlyCount "95"]
[EventDate "2005.06.11"]

1.e4 c6 2.d4 d5 3.exd5 Qxd5 4.h3 Nf6 5.Nf3 Bf5 6.Nc3 Qd6 7.Bd3 Bxd3 8.Qxd3
Nbd7 9.a3 e6 10.g3 Qc7 11.O-O h6 12.Ne2 O-O-O 13.b4 g5 14.c4 Bd6 15.Qb3 
Ne4 16.Kg2 Ndf6 17.c5 Bf8 18.a4 Nd5 19.b5 Bg7 20.Rb1 Rhe8 21.b6 Qb8 22.
bxa7 Qxa7 23.Ne1 Re7 24.f3 Nef6 25.Nd3 Qa6 26.Rf2 Nh5 27.Ne5 Bxe5 28.dxe5 
Ng7 29.g4 Red7 30.Ng3 f5 31.exf6 Nxf6 32.Bb2 Nd5 33.Ne4 Nf4+ 34.Kh2 Rd3 
35.Qc2 Ne8 36.Be5 R3d5 37.Bd6 Nd3 38.Re2 Rd4 39.Re3 Nf4 40.Ra3 Rd7 41.a5 
Nd5 42.Qa2 Nxd6 43.Nxd6+ Kd8 44.Rab3 Nf4 45.Qb2 e5 46.Rxb7 R4xd6 47.Rb8+ 
Ke7 48.Qxe5+ 1-0